Hướng dẫn giải bài tập cơ ứng dụng Phần 1 Hướng dẫn giải bài tập cơ ứng dụng

Na minha lista:
Detalhes bibliográficos
Autor principal: Ngô, Kiều Nhi
Formato: Livro
Idioma:Vietnamese
Publicado em: TP Hồ Chí Minh Trường đại học bách khoa TP Hồ Chí Minh
Assuntos:
Tags: Adicionar Tag
Sem tags, seja o primeiro a adicionar uma tag!
Thư viện lưu trữ: Mạng thư viện Đại học Đà Nẵng
LEADER 01121nam a2200313 4500
001 000013301
003 9641
005 20120313100322.0
008 120313s viesd
020 |c 0đ 
041 0 |a vie 
082 |a 531.3  |b NG-N 
100 0 |a Ngô, Kiều Nhi 
245 1 0 |a Hướng dẫn giải bài tập cơ ứng dụng  |c Ngô Kiều Nhi  |n Phần 1  |p Hướng dẫn giải bài tập cơ ứng dụng 
260 |a TP Hồ Chí Minh  |b Trường đại học bách khoa TP Hồ Chí Minh 
300 |a 191 tr.  |c 21 cm 
653 |a Cơ ứng dụng 
773 |t Hướng dẫn gải bài tập cơ ứng dụng  |w 9640 
910 |a duyên 
OWN |a LSP 
AVA |a UDN50  |b LSP  |d 531.3 NG-N  |e available  |t Error 5001 Not defined in file expand_doc_bib_avail.  |f 5  |g 0  |h N  |i 0  |k 1 
999 |a From the UDN01 
AVA |a UDN50  |b LSP  |d 531.3 NG-N  |e available  |t Error 5001 Not defined in file expand_doc_bib_avail.  |f 5  |g 0  |h N  |i 0  |k 1 
TYP |a Monograph 
TYP |a Printed language 
980 |a Mạng thư viện Đại học Đà Nẵng